Ligne N du Transilien - Statistiques

Statistiques générales
  • Ce quiz a été pris 509 fois
  • Le résultat moyen est 22 sur 35
Statistiques - réponses
n gares correspondances % Correct
1 Paris-Montparnasse M 4 6 12 13
93%
9 Versailles-Chantiers RER CTransilien U V
92%
10 (séparation R/MJ/D) Saint-Cyr RER C Transilien U T 13
89%
3 Clamart
86%
4 Meudon
86%
17 Rambouillet
86%
2 Vanves - Malakoff
85%
8 Viroflay-Rive-Gauche RER CT 6
85%
11 (vers R) Saint-Quentin-en-Yvelines RER CTransilien U
81%
35 Dreux
79%
27 Mantes-la-Jolie Transilien J
79%
7 Chaville-Rive-Gauche
78%
21 (séparation MJ/D) Plaisir - Grignon
76%
12 Trappes Transilien U
75%
13 La Verrière Transilien U
74%
6 Sèvres-Rive-Gauche
73%
5 Bellevue
71%
20 Plaisir - Les Clayes
63%
14 Coignières
56%
18 (vers MJ/D) Fontenay-le-Fleury
56%
19 Villepreux - Les Clayes
55%
33 Houdan
54%
15 Les Essarts-le-Roi
54%
16 Le Perray
52%
26 Epône - Mézières Transilien J
48%
22 (vers MJ) Beynes
47%
24 Maule
43%
23 Mareil-sur-Mauldre
37%
25 Nézel - Aulnay
36%
30 Garancières - La Queue
35%
29 Montfort-l'Amaury - Méré
35%
32 Tacoignières - Richebourg
35%
34 Marchezais - Broué
33%
28 (vers D) Villiers - Neauphle - Pontchartrain
33%
31 Orgerus - Béhoust
32%
Aucun quiz correspondant
Distribution des résultats
% des personnes avec chaque résultat
Percentile par nombre de réponses
Votre historique - résultats
Vous n’avez pas pris ce quiz